|
|
|
|
| LEADER |
01255nam a2200337 4500 |
| 001 |
28203 |
| 003 |
BD-DhAAL |
| 005 |
20190523124558.0 |
| 008 |
140711s1970 maua b 001 0 eng |
| 999 |
|
|
|c 32854
|d 32854
|
| 010 |
|
|
|a 71143178
|
| 020 |
|
|
|a 9780262530309
|
| 020 |
|
|
|a 026203039X
|
| 040 |
|
|
|a DLC
|c DLC
|d DLC
|d BD-DhAAL
|
| 041 |
1 |
|
|a engger
|
| 050 |
0 |
0 |
|a NA680
|b .C6213 1970b
|
| 082 |
0 |
0 |
|a 724.901
|2 23
|
| 245 |
1 |
0 |
|a Programs and manifestoes on 20th-century architecture /
|c edited by Ulrich Conrads, translated by Michael Bullock
|
| 250 |
|
|
|a 1st English language ed.
|
| 260 |
|
|
|a Cambridge, Mass. :
|b MIT Press,
|c 1970
|
| 300 |
|
|
|a 192 p. :
|b illustrations ;
|c 22 cm.
|
| 500 |
|
|
|a Translation of Programme und Manifeste zur Architektur des 20.
|
| 504 |
|
|
|a Includes bibliographical references.
|
| 526 |
|
|
|a ARC
|
| 541 |
|
|
|e 28203
|
| 650 |
|
0 |
|a Architecture, Modern
|y 20th century.
|9 5347
|
| 700 |
|
|
|a Conrads, Ulrich,
|9 5348
|
| 700 |
|
|
|a Bullock, Michael
|9 5349
|
| 852 |
|
|
|a Ayesha Abed Library
|c General Shelves
|
| 942 |
|
|
|2 ddc
|c BK
|0 1
|
| 952 |
|
|
|0 0
|1 0
|2 ddc
|4 0
|6 724_901000000000000_PRO
|7 0
|9 43088
|a BRACUL
|b BRACUL
|c GEN
|d 2014-07-10
|e Karim International
|g 1780.00
|l 2
|m 5
|o 724.901 PRO
|p 3010028203
|r 2017-04-05
|s 2017-03-02
|t 1
|w 2014-07-10
|y BK
|